000 00296 a2200145 4500
001 194907
040 _cMagnum
100 _aRODRIGUES, Carolina
240 1 0 _aA toca do tatu
_lpor
245 1 0 _aA toca do tatu
300 _a9
362 0 _a2018
697 _aLITERATURA INFANTIL
942 _cBK
999 _c194907
_d194907